00819nam a2200241 i 4500001000700000003000900007005001700016007000300033008004100036020001800077080001400095080002800109100003100137245007800168260003600246300002200282490003400304700002600338830003900364852003300403999001900436952012200455128482ES-MaACL20230906193309.0t|070514s1986 sp ||||1| spa d a84-339-3077-X a85-34"19" a85(Tabucchi, A.7J.03=6)1 aTabucchi, Antonio.910904213aEl juego del revés / cAntonio Tabucchi ; traducción de Carmen Artal. aBarcelona : bAnagrama, c1986. a152 p. ; c20 cm.1 aPanorama de narrativas ; v771 aArtal, Carmen.92341700aPanorama de narrativasv779123642 aES-MaACLjL-11150 bR.112375 c128482d128482 00104070aATENEOMbATENEOMcDEPO2d2008-01-17eSCl0oL-11150p1133811r2023-02-23 00:00:00w2023-02-23yMONOGRAFIA